| 000 | 00463cam a2200181ua 4500 | ||
|---|---|---|---|
| 001 | 5935 | ||
| 008 | 131029n ii |||gr||||Z||||||eng | ||
| 040 | _cMAIN | ||
| 082 | _a954.035 | ||
| 100 |
_aDas,Purna Chandra, _eAuthor. |
||
| 245 |
_aFreedom Movement In India _cby Purna Chandra Das |
||
| 250 | _b2nd rev ed. | ||
| 260 |
_aLudhiana: _bKalyani Publishers, _c1995. |
||
| 300 | _a154p. | ||
| 653 | _aHistory | ||
| 653 | _aFreedom Movement In India | ||
| 942 | _cBK | ||
| 999 |
_c5089 _d5089 |
||